| 000 | 00896nam a2200277 a 4500 | ||
|---|---|---|---|
| 001 | 45244 | ||
| 003 | BD-RjUL | ||
| 005 | 20211209054002.0 | ||
| 008 | 160725s1992 nyu d 000 0 eng d | ||
| 020 |
_a006271564X : _c25.00 ( 33.50 Can.) |
||
| 020 | _a0064610268 (pbk.) | ||
| 035 | _a(BD-RjUL)45362 | ||
| 040 |
_aOCP _cOCP _dWTU _dCAV _dMYG _dBD-RjUL _beng |
||
| 041 | _aeng | ||
| 082 |
_223 _a103 _bANH 1992 |
||
| 100 | 1 |
_aAngeles, Peter Adam, _d1931- _9138592 |
|
| 245 | 1 | 4 |
_aThe HarperCollins dictionary of philosophy / _cPeter A. Angeles ; series editor, Eugene Ehrlich. |
| 250 | _a2nd ed. ; | ||
| 260 |
_aNew York : _bHarperPerennial, _cc1992. |
||
| 300 |
_avii, 342 p. ; _c21 cm. |
||
| 500 | _aSpine title: Philosophy. | ||
| 500 | _aFirst ed. published as: Dictionary of philosophy. | ||
| 650 | 0 |
_aPhilosophy _vDictionaries. _9117036 |
|
| 650 | 0 |
_vPhilosophy _9138593 |
|
| 942 |
_2ddc _cBK |
||
| 999 |
_c45244 _d45244 |
||